| 000 | 00442nam a2200133Ia 4500 | ||
|---|---|---|---|
| 008 | 190723s9999 xx 000 0 und d | ||
| 020 | _a9781626253827 | ||
| 100 | _aAbblett, Mitch R. | ||
| 245 |
_cMitch R. Abblett _aMindfulness for teen depression: _ba workbook for improving your mood/ |
||
| 260 |
_aCalifornia: _bNew Harbinger Publications, Inc. _c2016 |
||
| 300 |
_a132 p. : _c250 cm. |
||
| 650 | _aMindfulness (psycho) | ||
| 650 | _aworkbook | ||
| 999 |
_c362016 _d362016 |
||